000 00412nam a2200169Ia 4500
001 7846
003 IN-NITTTR
005 20251114233032.0
008 251113s9999||||xx |||||||||||||| ||eng||
040 _beng
040 _cIN-NITTTR
041 _aeng
082 _a530.141 J692E
100 _aJordon, Edward C.
245 0 _aElectromagnetic waves and radiating systems /
_cJordon, Edward C.
942 _2ddc
_cBK
999 _c10484
_d10484